• 首页
  • 本馆介绍
  • 公告通知
  • 最新文献
  • 馆藏检索
  • 电子资源
  • 读者导购
  • 参考咨询
  • 我的图书馆
  • 登录
  • 详细信息显示
  • 放入我的书架
  • 预约/预借图书
  • 作者相关作品
  • 分类相关作品
  • 丛书相关作品
  • 出版社相关作品

书目信息

  • 表格格式
  • 工作单格式
  • 卡片格式
题名:
雁门集
    
 
作者: 萨都剌 著
分册:  
出版信息: 上海   上海古籍出版社  1982
页数: 451页
开本: 21cm
丛书名: 中国古典文学丛书
单 册:
中图分类: I222.747
科图分类:
主题词: 古典诗歌--中国--元代--选集
电子资源:
ISBN:
000 00686nam2 2200265 45
001 0182004764
005 20040417134625.6
010    @dCNY1.80
091    @a10186.287
100    @a19950623d1982 em y0chiy0121 ea
101 0  @achi
102    @aCN@b310000
105    @ay z 000gy
106    @ar
200 10 @a雁门集@Ayan men ji@f(元)萨都剌著
210    @a上海@c上海古籍出版社@d1982
215    @a451页@d21cm
225 2  @a中国古典文学丛书
410  0 @120010@a中国古典文学丛书
606    @a古典诗歌@y中国@z元代@x选集
690    @aI222.747@v3
701  0 @a萨都剌@Asa du la@f元@4著
801  0 @aCN@b上海图书馆@c20040417
801  2 @aCN@bNLC@c20040417
905    @dI222.747@e280
    
    雁门集/(元)萨都剌著.-上海:上海古籍出版社,1982
    451页;21cm.-(中国古典文学丛书)
    
    
    ISBN :CNY1.80
    
●
相关链接 在E读中查询图书 在五车中查询图书 在当当中查询图书 在豆瓣中查询图书


正题名:雁门集     索取号:I222.747/280         预约/预借

序号 登录号 条形码 馆藏地/架位号 状态 备注
1 0172524   000755819   密集书库/ [索取号:I222.747/280] 在馆    
2 0172525   000755800   第一样本阅览室/ [索取号:I222.747/280] 在馆    
3 0255889   000755837   密集书库/ [索取号:I222.747/280] 在馆    
4 0255890   000755828   第二借阅区/ [索取号:I222.747/280] 在馆    
5 0255891   000755793   密集书库/ [索取号:I222.747/280] 在馆    
唐山师范学院图书馆 欢迎您!
大连网信软件有限公司© 版权所有